000
00344 a2200169 4500
001
60649
020
_a
852623224X
040
_c
Anchieta - Pituba
100
_a
Carril, Lourdes
240
1
0
_a
Terras de negros
_l
por
245
1
0
_a
Terras de negros
300
_a
71
362
0
_a
1997
440
1
_a
Scipione
650
4
_a
Brasil
942
_c
BK
999
_c
60649
_d
60649